Saint-Jean-Pla-de-Corts - Choix multiples - Statistiques

Statistiques générales
  • Ce quiz a été pris 17 fois
  • Le résultat moyen est 6 sur 10
Statistiques - réponses
Question Réponse % Correct
Dans la banlieue de quelle sous-préfecture Saint-Jean-Pla-de-Corts se situe-t-elle ? Céret
80%
Quel célèbre festival ayant habituellement lieu à Argelès puis au Barcarès la commune a-t-elle co-organisé en 2022 ? Les Déferlantes
80%
Lequel de ces lacs fait partie du plan d'eau de Saint-Jean-Pla-de-Corts ?
67%
En quoi consiste le castell, sport et tradition catalans dont les Angelets del Vallespir étaient parmi les plus célèbres représentants dans les Pyrénées-Orientales avant leur dissolution en 2019 ? A ériger des pyramides humaines d'une dizaine de mètres environ
67%
Sur les contreforts de quel massif, dont certains sommets surplombent la commune, Saint-Jean se situe-t-elle ? Les Albères
67%
De qui le château fortifié de Saint-Jean devint-il la résidence d'été au XIIIe siècle ? Des rois de Majorque
47%
Que signifie "Corts" en catalan dans le nom de la commune ? Enclos
47%
Quel fleuve traverse la commune d'Ouest en Est ? Le Tech
47%
En été, si le plus petit des lacs de Saint-Jean est réservé à la baignade, à quelle activité peut-on s'adonner sur le deuxième ? Au wakeboard
27%
Lequel de ces auteurs a grandi à Saint-Jean avant de devenir l'un des plus éminents représentants de la littérature pyrénalienne et prolétarienne ? Ludovic Massé
27%
Aucun quiz correspondant
Distribution des résultats
% des personnes avec chaque résultat
Percentile par nombre de réponses
Votre historique - résultats
Vous n’avez pas pris ce quiz